[Event "DEM U10w 2024"]
[Site "Willingen GER"]
[Date "2024.05.24"]
[Round "9"]
[White "Sniegowski, Amalia"]
[Black "Müller, Greta Waltraud"]
[Result "0-1"]
[Termination "normal"]
[Board "10"]
[WhiteElo "998"]
[BlackElo "1224"]
[WhiteClock "00:49:17"]
[BlackClock "00:39:53"]
[PlyCount "118"]
[WhiteFideId "34675620"]
[EventCountry "GER"]
[EventRounds "11"]
[EventType "swiss"]
[EventDate "2024.05.18"]

1. e4 {[%clk 01:15:58]} {[%emt 00:00:01]} e5 {[%clk 01:15:41]} {[%emt
00:00:19]} 2. Nf3 {[%clk 01:16:23]} {[%emt 00:00:04]} Nc6 {[%clk 01:15:55]}
{[%emt 00:00:18]} 3. Bc4 {[%clk 01:16:47]} {[%emt 00:00:06]} Nf6 {[%clk
01:15:43]} {[%emt 00:00:36]} 4. d3 {[%clk 01:17:14]} {[%emt 00:00:09]} Bc5
{[%clk 01:15:02]} {[%emt 00:01:07]} 5. O-O {[%clk 01:16:48]} {[%emt 00:01:00]}
O-O {[%clk 01:14:35]} {[%emt 00:00:57]} 6. c3 {[%clk 01:16:21]} {[%emt
00:00:56]} d6 {[%clk 01:12:43]} {[%emt 00:02:22]} 7. Re1 {[%clk 01:16:31]}
{[%emt 00:00:20]} Bg4 {[%clk 01:09:30]} {[%emt 00:03:42]} 8. h3 {[%clk
01:16:44]} {[%emt 00:00:18]} Bh5 {[%clk 01:09:42]} {[%emt 00:00:19]} 9. Nbd2
{[%clk 01:16:47]} {[%emt 00:00:27]} Re8 {[%clk 01:09:26]} {[%emt 00:00:44]} 10.
Nf1 {[%clk 01:16:26]} {[%emt 00:00:53]} d5 {[%clk 01:06:06]} {[%emt 00:03:50]}
11. exd5 {[%clk 01:16:14]} {[%emt 00:00:41]} Nxd5 {[%clk 01:05:57]} {[%emt
00:00:40]} 12. Ng3 {[%clk 01:15:31]} {[%emt 00:01:12]} Bg6 {[%clk 01:05:06]}
{[%emt 00:01:21]} 13. Bg5 {[%clk 01:12:23]} {[%emt 00:03:39]} f6 {[%clk
01:03:02]} {[%emt 00:02:34]} 14. Be3 {[%clk 01:10:51]} {[%emt 00:01:55]} Bxe3
{[%clk 01:02:34]} {[%emt 00:01:05]} 15. Rxe3 {[%clk 01:09:59]} {[%emt
00:01:21]} b5 {[%clk 01:01:05]} {[%emt 00:01:59]} 16. Bxd5+ {[%clk 01:07:30]}
{[%emt 00:03:00]} Qxd5 {[%clk 01:01:04]} {[%emt 00:00:30]} 17. Nh4 {[%clk
01:05:26]} {[%emt 00:02:35]} Qf7 {[%clk 00:58:51]} {[%emt 00:02:43]} 18. Ngf5
{[%clk 01:04:10]} {[%emt 00:01:46]} Bxf5 {[%clk 00:56:29]} {[%emt 00:02:51]}
19. Nxf5 {[%clk 01:04:17]} {[%emt 00:00:24]} Qg6 {[%clk 00:55:05]} {[%emt
00:01:44]} 20. Rf3 {[%clk 01:01:46]} {[%emt 00:03:07]} Rad8 {[%clk 00:54:47]}
{[%emt 00:00:49]} 21. Qb3+ {[%clk 00:59:20]} {[%emt 00:02:53]} Qf7 {[%clk
00:51:46]} {[%emt 00:03:33]} 22. Qxb5 {[%clk 00:58:59]} {[%emt 00:00:55]} Qd5
{[%clk 00:45:06]} {[%emt 00:07:02]} 23. Qxd5+ {[%clk 00:58:03]} {[%emt
00:01:34]} Rxd5 {[%clk 00:45:16]} {[%emt 00:00:19]} 24. Re1 {[%clk 00:55:40]}
{[%emt 00:02:37]} Red8 {[%clk 00:44:48]} {[%emt 00:01:10]} 25. d4 {[%clk
00:51:59]} {[%emt 00:04:14]} exd4 {[%clk 00:43:44]} {[%emt 00:01:35]} 26. cxd4
{[%clk 00:51:58]} {[%emt 00:00:31]} Nxd4 {[%clk 00:41:31]} {[%emt 00:02:44]}
27. Ne7+ {[%clk 00:51:47]} {[%emt 00:00:39]} Kf7 {[%clk 00:41:46]} {[%emt
00:00:14]} 28. Nxd5 {[%clk 00:51:56]} {[%emt 00:00:24]} Nxf3+ {[%clk 00:42:05]}
{[%emt 00:00:11]} 29. gxf3 {[%clk 00:52:17]} {[%emt 00:00:08]} Rxd5 {[%clk
00:42:30]} {[%emt 00:00:06]} 30. Rc1 {[%clk 00:52:09]} {[%emt 00:00:37]} Rd7
{[%clk 00:42:19]} {[%emt 00:00:37]} 31. b4 {[%clk 00:50:54]} {[%emt 00:01:49]}
Ke6 {[%clk 00:40:06]} {[%emt 00:02:44]} 32. b5 {[%clk 00:50:58]} {[%emt
00:00:26]} Kd6 {[%clk 00:37:55]} {[%emt 00:02:36]} 33. a4 {[%clk 00:49:49]}
{[%emt 00:01:44]} Rd8 {[%clk 00:37:11]} {[%emt 00:01:14]} 34. Rc6+ {[%clk
00:49:28]} {[%emt 00:00:45]} Kd7 {[%clk 00:35:33]} {[%emt 00:02:14]} 35. Ra6
{[%clk 00:49:15]} {[%emt 00:00:40]} Ra8 {[%clk 00:35:46]} {[%emt 00:00:19]} 36.
a5 {[%clk 00:48:52]} {[%emt 00:00:53]} Kc8 {[%clk 00:34:59]} {[%emt 00:01:17]}
37. b6 {[%clk 00:48:27]} {[%emt 00:00:55]} Kb7 {[%clk 00:35:15]} {[%emt
00:00:13]} 38. Kh2 {[%clk 00:46:51]} {[%emt 00:02:07]} Kxa6 {[%clk 00:35:34]}
{[%emt 00:00:12]} 39. bxc7 {[%clk 00:47:01]} {[%emt 00:00:20]} Kxa5 {[%clk
00:35:44]} {[%emt 00:00:19]} 40. h4 {[%clk 00:47:12]} {[%emt 00:00:19]} Rc8
{[%clk 00:36:09]} {[%emt 00:00:06]} 41. Kg3 {[%clk 00:47:29]} {[%emt 00:00:13]}
Kb6 {[%clk 00:36:25]} {[%emt 00:00:13]} 42. f4 {[%clk 00:47:45]} {[%emt
00:00:14]} a5 {[%clk 00:36:51]} {[%emt 00:00:05]} 43. Kf3 {[%clk 00:47:52]}
{[%emt 00:00:23]} a4 {[%clk 00:37:01]} {[%emt 00:00:20]} 44. Ke2 {[%clk
00:47:53]} {[%emt 00:00:29]} a3 {[%clk 00:37:20]} {[%emt 00:00:11]} 45. Kd1
{[%clk 00:48:15]} {[%emt 00:00:08]} a2 {[%clk 00:37:37]} {[%emt 00:00:12]} 46.
Ke2 {[%clk 00:48:22]} {[%emt 00:00:24]} a1=Q {[%emt 00:00:10]} 47. Kf3 {[%clk
00:48:19]} {[%emt 00:00:30]} Rxc7 {[%clk 00:38:18]} {[%emt 00:00:12]} 48. f5
{[%clk 00:48:27]} {[%emt 00:00:22]} Qa3+ {[%clk 00:38:32]} {[%emt 00:00:16]}
49. Kg4 {[%clk 00:48:26]} {[%emt 00:00:30]} Qa4+ {[%clk 00:38:27]} {[%emt
00:00:36]} 50. Kh5 {[%clk 00:47:46]} {[%emt 00:01:08]} g6+ {[%clk 00:37:44]}
{[%emt 00:01:14]} 51. fxg6 {[%clk 00:48:09]} {[%emt 00:00:07]} hxg6+ {[%clk
00:38:09]} {[%emt 00:00:06]} 52. Kxg6 {[%clk 00:48:23]} {[%emt 00:00:16]} Qxh4
{[%clk 00:38:24]} {[%emt 00:00:13]} 53. Kf5 {[%clk 00:48:36]} {[%emt 00:00:18]}
Rc5+ {[%clk 00:38:42]} {[%emt 00:00:12]} 54. Ke6 {[%clk 00:48:41]} {[%emt
00:00:24]} Qe4 {[%clk 00:38:27]} {[%emt 00:00:44]} 55. Kf7 {[%clk 00:48:39]}
{[%emt 00:00:30]} Rc6 {[%clk 00:38:33]} {[%emt 00:00:23]} 56. Kg7 {[%clk
00:48:53]} {[%emt 00:00:19]} f5 {[%clk 00:38:50]} {[%emt 00:00:13]} 57. Kf7
{[%clk 00:49:09]} {[%emt 00:00:14]} Qe6+ {[%clk 00:39:13]} {[%emt 00:00:08]}
58. Kf8 {[%clk 00:49:02]} {[%emt 00:00:35]} Rc7 {[%clk 00:39:28]} {[%emt
00:00:18]} 59. f4 {[%clk 00:49:17]} {[%emt 00:00:16]} Qc8# {[%clk 00:39:53]}
{[%emt 00:00:05]} 0-1

[Event "DEM U10w 2024"]
[Site "Willingen GER"]
[Date "2024.05.24"]
[Round "9"]
[White "Sriram, Yashasri"]
[Black "Jänsch, Layla"]
[Result "0-1"]
[Termination "normal"]
[Board "11"]
[WhiteElo "1576"]
[BlackElo "962"]
[WhiteClock "01:12:13"]
[BlackClock "00:33:05"]
[PlyCount "120"]
[WhiteFideId "34656243"]
[EventCountry "GER"]
[EventRounds "11"]
[EventType "swiss"]
[EventDate "2024.05.18"]

1. e4 {[%clk 01:15:00]} {[%emt 00:01:00]} e5 {[%clk 01:15:50]} {[%emt
00:00:09]} 2. Nf3 {[%clk 01:15:20]} {[%emt 00:00:10]} Nc6 {[%clk 01:16:08]}
{[%emt 00:00:12]} 3. Bc4 {[%clk 01:15:43]} {[%emt 00:00:07]} Be7 {[%clk
01:16:28]} {[%emt 00:00:11]} 4. O-O {[%clk 01:15:47]} {[%emt 00:00:26]} Nf6
{[%clk 01:14:58]} {[%emt 00:01:59]} 5. d3 {[%clk 01:16:12]} {[%emt 00:00:06]}
O-O {[%clk 01:13:29]} {[%emt 00:01:59]} 6. Re1 {[%clk 01:16:06]} {[%emt
00:00:36]} d5 {[%clk 01:12:39]} {[%emt 00:01:17]} 7. exd5 {[%clk 01:16:33]}
{[%emt 00:00:06]} Nxd5 {[%clk 01:12:44]} {[%emt 00:00:25]} 8. Nxe5 {[%emt
00:06:24]} Na5 {[%clk 01:05:45]} {[%emt 00:00:09]} 9. Bxd5 {[%clk 01:09:45]}
{[%emt 00:08:43]} Qxd5 {[%clk 01:05:07]} {[%emt 00:01:10]} 10. Qf3 {[%clk
01:09:48]} {[%emt 00:00:25]} Qd6 {[%clk 01:00:15]} {[%emt 00:04:40]} 11. Bf4
{[%clk 01:06:13]} {[%emt 00:04:47]} Qf6 {[%clk 00:54:36]} {[%emt 00:05:54]} 12.
Bd2 {[%clk 01:04:35]} {[%emt 00:02:24]} Qxf3 {[%clk 00:50:35]} {[%emt
00:04:31]} 13. Nxf3 {[%clk 01:04:57]} {[%emt 00:00:08]} Nc6 {[%clk 00:50:30]}
{[%emt 00:00:33]} 14. Nc3 {[%emt 00:03:24]} Rd8 {[%clk 00:46:31]} {[%emt
00:00:50]} 15. Re2 {[%clk 01:05:15]} {[%emt 00:00:59]} Bg4 {[%clk 00:45:25]}
{[%emt 00:01:17]} 16. Rae1 {[%clk 01:05:30]} {[%emt 00:00:33]} Bf6 {[%clk
00:43:39]} {[%emt 00:02:07]} 17. Re4 {[%clk 01:03:38]} {[%emt 00:02:30]} Bxf3
{[%clk 00:43:14]} {[%emt 00:00:56]} 18. gxf3 {[%clk 01:03:26]} {[%emt
00:00:43]} Nd4 {[%clk 00:41:30]} {[%emt 00:01:56]} 19. Kg2 {[%clk 01:02:00]}
{[%emt 00:02:13]} Nxc2 {[%clk 00:41:37]} {[%emt 00:00:23]} 20. R1e2 {[%clk
01:02:05]} {[%emt 00:00:24]} c6 {[%clk 00:39:37]} {[%emt 00:02:31]} 21. Be3
{[%clk 01:02:04]} {[%emt 00:00:31]} Nxe3+ {[%clk 00:38:36]} {[%emt 00:01:31]}
22. R2xe3 {[%clk 01:01:33]} {[%emt 00:01:01]} h6 {[%clk 00:37:46]} {[%emt
00:01:20]} 23. h4 {[%clk 01:00:53]} {[%emt 00:01:10]} Bd4 {[%clk 00:35:26]}
{[%emt 00:02:13]} 24. Re2 {[%clk 01:01:11]} {[%emt 00:00:50]} Bxc3 {[%clk
00:35:06]} {[%emt 00:00:48]} 25. bxc3 {[%clk 01:01:34]} {[%emt 00:00:09]} Rxd3
{[%clk 00:34:53]} {[%emt 00:00:43]} 26. Re8+ {[%clk 01:01:57]} {[%emt
00:00:06]} Rxe8 {[%clk 00:35:13]} {[%emt 00:00:11]} 27. Rxe8+ {[%clk 01:02:22]}
{[%emt 00:00:04]} Kh7 {[%clk 00:35:35]} {[%emt 00:00:08]} 28. Re7 {[%clk
01:02:51]} {[%emt 00:00:01]} b5 {[%clk 00:34:45]} {[%emt 00:01:20]} 29. Rxa7
{[%clk 01:03:15]} {[%emt 00:00:06]} f6 {[%clk 00:34:32]} {[%emt 00:00:44]} 30.
Ra3 {[%clk 01:03:38]} {[%emt 00:00:07]} b4 {[%clk 00:34:37]} {[%emt 00:00:25]}
31. Rb3 {[%clk 01:04:03]} {[%emt 00:00:05]} bxc3 {[%clk 00:34:12]} {[%emt
00:00:55]} 32. Rb1 {[%clk 01:04:27]} {[%emt 00:00:06]} Rd2 {[%clk 00:33:27]}
{[%emt 00:01:14]} 33. Rc1 {[%clk 01:04:48]} {[%emt 00:00:09]} Rxa2 {[%clk
00:33:28]} 34. Rxc3 {[%clk 01:05:16]} {[%emt 00:00:31]} Ra6 {[%clk 00:33:26]}
{[%emt 00:00:31]} 35. Kg3 {[%clk 01:05:37]} {[%emt 00:00:11]} g5 {[%clk
00:33:11]} {[%emt 00:00:44]} 36. h5 {[%clk 01:05:43]} {[%emt 00:00:24]} Kg7
{[%clk 00:32:56]} {[%emt 00:00:46]} 37. Kg4 {[%clk 01:05:58]} {[%emt 00:00:14]}
Kf7 {[%clk 00:33:15]} {[%emt 00:00:10]} 38. f4 {[%clk 01:05:51]} {[%emt
00:00:39]} Ra4 {[%clk 00:32:28]} {[%emt 00:01:12]} 39. Rf3 {[%clk 01:06:11]}
{[%emt 00:00:14]} Rxf4+ {[%clk 00:31:48]} {[%emt 00:01:11]} 40. Rxf4 {[%clk
01:06:36]} {[%emt 00:00:05]} gxf4 {[%clk 00:32:10]} {[%emt 00:00:08]} 41. Kxf4
{[%clk 01:07:04]} {[%emt 00:00:02]} Ke6 {[%clk 00:32:19]} {[%emt 00:00:20]} 42.
Ke4 {[%clk 01:07:19]} {[%emt 00:00:16]} Kd6 {[%clk 00:31:49]} {[%emt 00:01:00]}
43. Kd4 {[%clk 01:07:35]} {[%emt 00:00:14]} c5+ {[%clk 00:31:58]} {[%emt
00:00:21]} 44. Kc4 {[%clk 01:07:54]} {[%emt 00:00:11]} Ke5 {[%clk 00:32:10]}
{[%emt 00:00:17]} 45. Kxc5 {[%clk 01:08:19]} {[%emt 00:00:06]} Kf5 {[%clk
00:32:32]} {[%emt 00:00:08]} 46. Kd4 {[%clk 01:08:45]} {[%emt 00:00:05]} Kg4
{[%clk 00:32:41]} {[%emt 00:00:20]} 47. Ke4 {[%clk 01:09:07]} {[%emt 00:00:08]}
f5+ {[%clk 00:32:36]} {[%emt 00:00:35]} 48. Ke3 {[%clk 01:09:31]} {[%emt
00:00:05]} Kxh5 {[%clk 00:32:49]} {[%emt 00:00:17]} 49. Kf4 {[%clk 01:09:53]}
{[%emt 00:00:09]} Kh4 {[%clk 00:32:32]} {[%emt 00:00:47]} 50. Kxf5 {[%clk
01:10:18]} {[%emt 00:00:05]} h5 {[%clk 00:32:36]} {[%emt 00:00:26]} 51. f3
{[%clk 01:10:44]} {[%emt 00:00:04]} Kh3 {[%clk 00:32:52]} {[%emt 00:00:15]} 52.
Kf4 {[%clk 01:09:57]} {[%emt 00:01:16]} h4 {[%clk 00:32:51]} {[%emt 00:00:31]}
53. Ke3 {[%clk 01:10:02]} {[%emt 00:00:24]} Kg2 {[%clk 00:33:12]} {[%emt
00:00:09]} 54. Kf4 {[%clk 01:10:19]} {[%emt 00:00:14]} h3 {[%clk 00:33:26]}
{[%emt 00:00:16]} 55. Kg4 {[%clk 01:10:43]} {[%emt 00:00:05]} h2 {[%clk
00:33:36]} {[%emt 00:00:20]} 56. Kh4 {[%clk 01:11:09]} {[%emt 00:00:04]} h1=Q+
{[%emt 00:00:13]} 57. Kg4 {[%emt 00:00:06]} Qh3+ {[%clk 00:33:30]} {[%emt
00:00:16]} 58. Kg5 {[%clk 01:11:34]} {[%emt 00:00:07]} Qxf3 {[%clk 00:33:35]}
{[%emt 00:00:24]} 59. Kh4 {[%clk 01:11:58]} {[%emt 00:00:07]} Qg3+ {[%clk
00:33:04]} {[%emt 00:00:58]} 60. Kh5 {[%clk 01:12:13]} {[%emt 00:00:18]} Kf3
{[%clk 00:33:05]} {[%emt 00:00:24]} 0-1

[Event "DEM U10w 2024"]
[Site "Willingen GER"]
[Date "2024.05.24"]
[Round "9"]
[White "Tadic, Lena"]
[Black "Mudriievskaya, Esther"]
[Result "0-1"]
[Termination "normal"]
[Board "12"]
[WhiteElo "980"]
[BlackElo "1495"]
[WhiteClock "01:08:57"]
[BlackClock "00:51:38"]
[PlyCount "52"]
[WhiteFideId "34687300"]
[BlackFideId "34676465"]
[EventCountry "GER"]
[EventRounds "11"]
[EventType "swiss"]
[EventDate "2024.05.18"]

1. e4 {[%clk 01:15:58]} {[%emt 00:00:01]} e6 {[%clk 01:15:45]} {[%emt
00:00:15]} 2. d4 {[%clk 01:16:15]} {[%emt 00:00:13]} d5 {[%clk 01:16:02]}
{[%emt 00:00:13]} 3. exd5 {[%clk 01:16:32]} {[%emt 00:00:13]} exd5 {[%clk
01:16:13]} {[%emt 00:00:19]} 4. Nf3 {[%clk 01:16:46]} {[%emt 00:00:17]} Bd6
{[%clk 01:16:21]} {[%emt 00:00:21]} 5. c4 {[%clk 01:16:39]} {[%emt 00:00:37]}
Ne7 {[%clk 01:14:22]} {[%emt 00:02:27]} 6. Nc3 {[%clk 01:16:09]} {[%emt
00:01:02]} dxc4 {[%clk 01:13:52]} {[%emt 00:01:00]} 7. Bxc4 {[%clk 01:16:17]}
{[%emt 00:00:22]} Bf5 {[%clk 01:13:09]} {[%emt 00:01:09]} 8. O-O {[%clk
01:15:45]} {[%emt 00:01:06]} Nd7 {[%clk 01:11:07]} {[%emt 00:02:30]} 9. Be3
{[%clk 01:14:06]} {[%emt 00:02:09]} O-O {[%clk 01:10:08]} {[%emt 00:01:31]} 10.
Bd3 {[%clk 01:12:48]} {[%emt 00:01:49]} Bg4 {[%clk 01:08:01]} {[%emt 00:02:33]}
11. h3 {[%clk 01:12:31]} {[%emt 00:00:50]} Bh5 {[%clk 01:07:20]} {[%emt
00:01:08]} 12. Be2 {[%clk 01:12:30]} {[%emt 00:00:34]} Nf5 {[%clk 01:05:57]}
{[%emt 00:01:46]} 13. Bg5 {[%clk 01:11:44]} {[%emt 00:01:22]} f6 {[%clk
01:04:55]} {[%emt 00:01:30]} 14. Bc4+ {[%clk 01:11:31]} {[%emt 00:00:46]} Kh8
{[%clk 01:04:02]} {[%emt 00:01:23]} 15. Bd2 {[%clk 01:10:43]} {[%emt 00:01:14]}
Nxd4 {[%clk 01:02:44]} {[%emt 00:01:51]} 16. g4 {[%clk 01:10:27]} {[%emt
00:00:46]} Nxf3+ {[%clk 01:02:09]} {[%emt 00:01:06]} 17. Qxf3 {[%clk 01:10:43]}
{[%emt 00:00:13]} Bg6 {[%clk 01:00:50]} {[%emt 00:01:49]} 18. Qxb7 {[%clk
01:10:37]} {[%emt 00:00:37]} Rb8 {[%clk 00:59:29]} {[%emt 00:01:48]} 19. Qxa7
{[%clk 01:10:39]} {[%emt 00:00:30]} Rxb2 {[%clk 00:59:11]} {[%emt 00:00:49]}
20. Rfd1 {[%clk 01:10:02]} {[%emt 00:01:06]} Re8 {[%clk 00:56:43]} {[%emt
00:02:52]} 21. a4 {[%clk 01:09:37]} {[%emt 00:01:02]} f5 {[%clk 00:54:26]}
{[%emt 00:02:44]} 22. Rab1 {[%clk 01:09:08]} {[%emt 00:01:02]} Rxb1 {[%clk
00:52:59]} {[%emt 00:01:58]} 23. Nxb1 {[%clk 01:08:55]} {[%emt 00:00:42]} fxg4
{[%clk 00:52:22]} {[%emt 00:01:07]} 24. hxg4 {[%clk 01:09:16]} {[%emt
00:00:10]} Qh4 {[%clk 00:51:54]} {[%emt 00:00:48]} 25. Re1 {[%clk 01:08:38]}
{[%emt 00:01:17]} Qh2+ {[%clk 00:51:54]} {[%emt 00:00:27]} 26. Kf1 {[%clk
01:08:57]} {[%emt 00:00:15]} Qh1# {[%clk 00:51:38]} {[%emt 00:00:15]} 0-1